Tilastot visalle Italialaisia lainasanoja

Klikkaa tästä pelataksesi tätä visaa!

Yleistilastot

  • Tätä visaa on pelattu 465 kertaa
  • Keskiarvotulos 11 / 20

Vastaustilastot

MääritelmäSana% Oikein
Usein pizzassa käytetty juustoMozzarella
94%
Luvatta tunnettuja ihmisiä kuvaava henkilöPaparazzi
85%
Erityisesti espressojuomia valmistava ja tarjoileva henkilöBarista
73%
Romaania selvästi lyhyempi proosateosNovelli
73%
Lauluäänen korkein äänialaSopraano
73%
Musiikin ja näytelmän yhdistävä klassinen taidemuotoOoppera
66%
Italialainen jälkiruoka, jossa on muun muassa kahvia
ja mascarpone-juustoa
Tiramisu
64%
Totalitaarinen ja äärioikeistolainen poliittinen ideologiaFasismi
62%
Basilikaa ja pinjansiemeniä sisältävä italialainen kastikePesto
60%
Vandalismia tai taidetta katsojasta riippuenGraffiti
59%
Tarkoitukselliseti liioiteltu pilakuvaKarikatyyri
58%
Pienikokoinen huiluPiccolo
56%
Jalkapallossa alin puolustaja
tai lentopallossa puolustuksen erikoispelaaja
Libero
55%
Tunnetun henkilön lyhyt itsensä esittäminen
esimerkiksi elokuvassa
{Cameo}rooli
54%
Pianon vastakohta musiikin voimakkuudessaForte
52%
Suurieleinen ja keikaroiva näyttelijä tai laulajaDiiva
40%
Taituri, mestari, esimerkiksi piano____Virtuoosi
39%
Vaalea värisävy, jossa ei ole yhtään mustaa{Pastelli}väri
24%
Yleensä valkoinen, kova ja läpikuultava keraaminen esinePosliini
24%
Veitsi tai kolmisärmäinen tikariStiletti
14%

Tulosjakauma

Persentiili vastausten määrän mukaan

Jokaisen tuloksen saaneiden osuus

Tuloshistoriasi

Et ole pelannut tätä visaa